Poesía de siempre / (Record no. 6047)

000 -CABECERA
fixed length control field 00847nam a22002297a 4500
003 - IDENTIFICADOR DEL NÚMERO DE CONTROL
control field AR-CdUCM
008 - DATOS DE LONGITUD FIJA--INFORMACIÓN GENERAL
fixed length control field 190313b ||||| |||| 00| 0 spa d
040 ## - FUENTE DE LA CATALOGACIÓN
Agencia/entidad que catalogó originalmente la obra MUNICIPALIDAD PROVINCIAL DEL CUSCO
Entidad que transcribió la catalogación BIBLIOTECA MUNICIPAL DEL CUSCO
082 ## - NÚMERO DE LA CLASIFICACIÓN DECIMAL DEWEY
No. de Clasificación 868.6 /
Notacion interna S16
100 ## - ENTRADA PRINCIPAL--NOMBRE DE PERSONA
Nombre Personal Salinas, Pedro
245 ## - MENCIÓN DE TÍTULO
Título Poesía de siempre /
260 ## - PUBLICACIÓN, DISTRIBUCIÓN, ETC.
Lugar de publicación, distribución, etc. Medellin :
Nombre de la editorial, distribuidor, etc. Editorial Bedout.
300 ## - DESCRIPCIÓN FÍSICA
Nº de Páginas Extensión 39 páginas ;
Dimensiones 21 cm.
440 ## - MENCIÓN DE SERIE/PUNTO DE ACCESO ADICIONAL--TÍTULO
Título Colección dirigida por Jorge Montoya Toro
Número de la parte/sección de una obra 37
9 (RLIN) 17637
505 ## - NOTA DE CONTENIDO CON FORMATO
Nota de contenido formateada Contenido: Razón de amor -- Ya esta la ventana abierta -- ¿Seras amor, -- ¿En donde esta la salvación? ¿Lo sabes? -- ¡Pastora de milagros! -- Torpemente el amor busca...
650 ## - PUNTO DE ACCESO ADICIONAL DE MATERIA--TÉRMINO DE MATERIA
Descriptor Poesía peruana
9 (RLIN) 806
650 ## - PUNTO DE ACCESO ADICIONAL DE MATERIA--TÉRMINO DE MATERIA
Descriptor Libertad
9 (RLIN) 2892
650 ## - PUNTO DE ACCESO ADICIONAL DE MATERIA--TÉRMINO DE MATERIA
Descriptor Miedo
9 (RLIN) 17638
942 ## - ELEMENTOS DE PUNTO DE ACCESO ADICIONAL (KOHA)
Fuente de clasificación
Tipo de item Libros-BMC
945 ## - PROCESAMIENTO DE INFORMACIÓN LOCAL (OCLC)
Catalogador davv
Holdings
Estado de retiro (separado) Fuente de clasificación o esquema de estanterías Estado dañado Ubicación Sala donde se ubica Nombre de la colección Fecha de adquisición o compra Costo, precio normal en soles Signatura topográfica Código de Barras Última vez visto (Koha) Tipo de ítem (Koha)
No     Sala Humanidades Sala Humanidades Book Cart 2019-03-13 10.00 868.6 / S16 SH0000006500 2019-03-13 Libros-BMC

Powered by Koha